LEADER 01394nls# 22003133i 450 001 VAN0252744 005 20221206010811.270 011 $a0001-9046 017 70$20$a18277888 100 $a20221206a2002 |0itac50 ba 101 $aita 102 $aIT 105 $a|||| ||||| 110 $aaF||||||||| 200 1 $aAegyptus$erivista italiana di egittologia e di papirologia 210 $aMilano$cVita e pensiero$d2002- 500 1$3VAN0252743$aAegyptus : rivista italiana di egittologia e di papirologia.$9802440 606 $aStoria dell'Antico Egitto fino al 640. Pubblicazioni in serie$3VANC000210$2FI 676 $a932.005$v21 712 $aVita e pensiero$3VANV107897$4650 801 $aIT$bSOL$c20221209$gRICA 856 4 $uhttps://www.jstor.org/journal/aegy$zJ STOR 1920-2018; 856 4 $uhttps://digital.casalini.it/18277888$zAccesso al full-text attraverso riconoscimento IP di Ateneo, proxy e/o Shibboleth Torrossa 2002-2021; 899 $aBIBLIOTECA DEL DIPARTIMENTO DI GIURISPRUDENZA$1IT-CE0105$2VAN00$4TORROSSA 2002- JSTOR1920-2018;$cAegyptus : rivista italiana di egittologia ; 912 $fN 912 $aVAN0252744 950 $aBIBLIOTECA DEL DIPARTIMENTO DI GIURISPRUDENZA$b00TORROSSA 2002- JSTOR1920-2018;$d00RIV 1920-2022; $e00RIE252744 20221206 996 $aAegyptus$9802440 997 $aUNISOB LEADER 03525nam 22007332 450 001 9910779343303321 005 20151005020622.0 010 $a1-139-79325-X 010 $a1-316-08769-7 010 $a1-107-25349-7 010 $a1-139-77583-9 010 $a1-139-77887-0 010 $a0-511-77836-8 010 $a1-139-78186-3 010 $a1-283-71573-2 010 $a1-139-77735-1 035 $a(CKB)2550000000708247 035 $a(EBL)1042416 035 $a(OCoLC)818817513 035 $a(SSID)ssj0000710824 035 $a(PQKBManifestationID)11418445 035 $a(PQKBTitleCode)TC0000710824 035 $a(PQKBWorkID)10672824 035 $a(PQKB)10214978 035 $a(UkCbUP)CR9780511778360 035 $a(Au-PeEL)EBL1042416 035 $a(CaPaEBR)ebr10618618 035 $a(CaONFJC)MIL402823 035 $a(MiAaPQ)EBC1042416 035 $a(PPN)261314335 035 $a(EXLCZ)992550000000708247 100 $a20100519d2010|||| uy| 0 101 0 $aeng 135 $aur||||||||||| 181 $ctxt$2rdacontent 182 $cc$2rdamedia 183 $acr$2rdacarrier 200 10$aDogs $edomestication and the development of a social bond /$fDarcy F. Morey$b[electronic resource] 210 1$aCambridge :$cCambridge University Press,$d2010. 215 $a1 online resource (xxiv, 356 pages) $cdigital, PDF file(s) 300 $aTitle from publisher's bibliographic system (viewed on 05 Oct 2015). 311 $a0-521-76006-2 311 $a0-521-75743-6 320 $aIncludes bibliographical references (p. 273-347) and index. 327 $aPreamble to the dog's journey through time -- Immediate ancestry -- Evidence of dog domestication and its timing : morphological and contextual indications -- Domestication of dogs and other organisms -- The roles of dogs in past human societies -- Dogs of the Arctic, the Far North -- The burial of dogs, and what dog burials mean -- Why the social bond between dogs and people? -- Other human-like capabilities of dogs -- Roles of dogs in recent times -- Epilogue : one dog's journey. 330 $aThis book traces the evolution of the dog, from its origins about 15,000 years ago up to recent times. The timing of dog domestication receives attention, with comparisons between different genetics-based models and archaeological evidence. Allometric patterns between dogs and their ancestors, wolves, shed light on the nature of the morphological changes that dogs underwent. Dog burials highlight a unifying theme of the whole book: the development of a distinctive social bond between dogs and people; the book also explores why dogs and people relate so well to each other. Though cosmopolitan in overall scope, the greatest emphasis is on the New World, with an entire chapter devoted to dogs of the arctic regions, mostly in the New World. Discussion of several distinctive modern roles of dogs underscores the social bond between dogs and people. 606 $aDogs$xHistory 606 $aDogs$xEvolution 606 $aDogs$xBehavior 606 $aHuman-animal relationships$xHistory 606 $aDomestication 615 0$aDogs$xHistory. 615 0$aDogs$xEvolution. 615 0$aDogs$xBehavior. 615 0$aHuman-animal relationships$xHistory. 615 0$aDomestication. 676 $a636.709 700 $aMorey$b Darcy$f1956-$01499801 801 0$bUkCbUP 801 1$bUkCbUP 906 $aBOOK 912 $a9910779343303321 996 $aDogs$93726186 997 $aUNINA